Doña Inés: historia de amor

Saved in:
Bibliografiske detaljer
Hovedforfatter: Azorín Martínez Ruiz, José (autor)
Format: Bog
Sprog:spansk
Udgivet: Madrid Castalia 1975
Serier:Clásicos Castalia, 53
Fag:
Tags: Tilføj Tag
Ingen Tags, Vær først til at tagge denne postø!

MARC

LEADER 00000nam a2200000 a 4500
001 UCQ1993
003 CL-VaPUC
008 980721e19750000SP |||||||||||||||||spa|d
082 0 4 |a 863  |b AZO  |2 21 
100 |a Azorín  |e autor  |q Martínez Ruiz, José  |9 863023 
245 1 0 |a Doña Inés: historia de amor 
300 |a 238 p 
942 |c BK 
945 |d 19980721 00:00:00  |a lriquelm 
260 |a Madrid  |b Castalia  |c 1975 
650 0 |a Novelas españolas  |9 265052 
650 0 |a Literatura española  |9 306261 
583 |a last modification  |c 19980721 00:00:00  |k Rodrigo Vera 
490 0 |a Clásicos Castalia, 53 
999 |c 272836  |d 272834 
952 |0 0  |1 0  |4 0  |6 863_000000000000000_AZO_1975  |7 0  |8 A  |9 308020  |a BIBEDU  |b BIBEDU  |d 2019-11-20  |i 1440128  |l 1  |o 863 AZO 1975  |p 1440128  |r 2023-07-07  |s 2023-06-30  |w 2019-11-20  |y BK  |k LIT